[Event "Women's Speed Chess Q3"]
[Site "chess.com INT"]
[Date "2021.05.30"]
[Round "6"]
[White "Enkhtuul, Altan-Ulzii"]
[Black "Sikorova, Olga"]
[Result "0-1"]
[WhiteTitle "WGM"]
[BlackTitle "WGM"]
[WhiteElo "2228"]
[BlackElo "2215"]
[WhiteFideId "4901444"]
[BlackFideId "307033"]
[EventDate "2021.05.30"]

1. d4 Nf6 2. c4 g6 3. Nc3 Bg7 4. e4 O-O 5. Be3 d6 6. f3 e5 7. d5 Nbd7 8. g4 a5
9. h4 Nc5 10. h5 Nfd7 11. Qd2 f5 12. Bh6 Qe7 13. Bxg7 Qxg7 14. gxf5 gxf5 15.
Nge2 f4 16. Rg1 Nf6 17. Rxg7+ Kxg7 18. O-O-O Nxh5 19. Kb1 Kh8 20. Nc1 Rg8 21.
Nd3 b6 22. Nb5 Rg7 23. Qf2 Ng3 24. Nc1 a4 25. Bd3 Bh3 26. Ne2 Rag8 27. Nxg3 fxg3
28. Qe3 g2 29. Rg1 Bc8 30. Bc2 Rg3 31. b4 Nd7 32. Bd1 Nf6 33. Qh6 R3g6 34. Qh2
Rg5 35. Qh4 Nh5 36. Nxc7 Nf4 37. Ne6 Bxe6 38. dxe6 Nxe6 39. c5 bxc5 40. bxc5
Nxc5 41. Qh6 R5g6 42. Qd2 Rb8+ 43. Ka1 a3 44. Ba4 Rb2 45. Qa5 Kg7 46. Qc7+ Kh6
47. Bb3 Rf2 48. Qa7 Rf1+ 49. Bd1 Rxg1 50. Kb1 Rxd1+ 51. Kc2 g1=Q 52. Kc3 Qf2 53.
Qa5 Qxf3+ 54. Kc4 Qxe4+ 55. Kb5 Rb1+ 0-1

[Event "Women's Speed Chess Q3"]
[Site "chess.com INT"]
[Date "2021.05.30"]
[Round "6"]
[White "Mendoza, Shania Mae"]
[Black "Sviridova, Vlada"]
[Result "1-0"]
[WhiteTitle "WFM"]
[BlackTitle "WFM"]
[WhiteElo "2158"]
[BlackElo "2144"]
[WhiteFideId "5211158"]
[BlackFideId "24109606"]
[EventDate "2021.05.30"]

1. e4 e6 2. d4 d5 3. Nc3 Bb4 4. exd5 exd5 5. Bd3 Nc6 6. a3 Bxc3+ 7. bxc3 Nge7 8.
Qf3 Be6 9. Ne2 Qd7 10. Be3 Ng6 11. h3 O-O-O 12. O-O f5 13. a4 Rdf8 14. Nf4 Nxf4
15. Bxf4 h6 16. Rfe1 g5 17. Be5 Rhg8 18. Qh5 f4 19. Qxh6 Bf5 20. Bb5 g4 21. h4
g3 22. f3 Bxc2 23. a5 a6 24. Bxc6 bxc6 25. Bxf4 Rf7 26. Bg5 Bf5 27. Ra2 Bg6 28.
Rae2 Bd3 29. Re7 Rxe7 30. Rxe7 Qd6 31. Qxd6 cxd6 32. Bf4 Kd8 33. Rb7 Kc8 34. Ra7
Kb8 35. Rd7 Re8 36. Bxg3 Re2 37. Rxd6 Kb7 38. Rd7+ Kc8 39. Rc7+ Kd8 40. Rxc6 Bb5
41. Rd6+ Ke7 42. Rxd5 Rc2 43. Rc5 Ke6 44. h5 Bd3 45. h6 Bh7 46. Rc7 Bg6 47. h7
Bxh7 48. Rxh7 Kd5 49. Rc7 Rc1+ 50. Kh2 Ra1 51. Rc5+ Ke6 52. Rc6+ Kf5 53. Rxa6
Kg5 54. Bf2 Ra2 55. Be3+ Kf5 56. Rb6 Rxa5 57. c4 Ra3 58. Rb5+ Kg6 59. Bf4 Rc3
60. c5 Kf5 61. Bg3 1-0

[Event "Women's Speed Chess Q3"]
[Site "chess.com INT"]
[Date "2021.05.30"]
[Round "6"]
[White "Tokhirjonova, Gulrukhbegim"]
[Black "Mkrtchian, Lilit"]
[Result "1/2-1/2"]
[WhiteTitle "WGM"]
[BlackTitle "IM"]
[WhiteElo "2350"]
[BlackElo "2388"]
[WhiteFideId "14203626"]
[BlackFideId "13300601"]
[EventDate "2021.05.30"]

1. e4 e6 2. d4 d5 3. e5 c5 4. c3 Nc6 5. Nf3 Qb6 6. Be2 cxd4 7. cxd4 Nh6 8. Nc3
Nf5 9. Na4 Qa5+ 10. Bd2 Bb4 11. Bc3 b5 12. a3 Bxc3+ 13. Nxc3 b4 14. axb4 Qxb4
15. O-O O-O 16. Ra4 Qxb2 17. Qd3 Qb7 18. Rb1 Qe7 19. Nb5 Bd7 20. Rba1 Rab8 21.
Nxa7 Nb4 22. Qa3 Bxa4 23. Qxa4 Ra8 24. g4 Nh6 25. h3 g6 26. Bb5 Qb7 27. Qa5 Rxa7
28. Qxa7 Qxb5 29. Kg2 Qd3 30. Qc5 Nc2 31. Rc1 Nxd4 32. Qxd4 Qxd4 33. Nxd4 f6 34.
Nxe6 Re8 35. Nc7 Rxe5 36. Rd1 Nf7 37. Nxd5 Kg7 38. Nf4 Re4 39. Kg3 g5 40. Nh5+
Kg6 41. Rc1 Re6 42. Ra1 Nd6 43. Ra8 Ne4+ 44. Kg2 Kf7 45. Ra7+ Re7 46. Ra6 Re6
47. Ra8 Re8 48. Ra7+ Re7 49. Ra4 Re6 50. f3 Nd6 51. Ra7+ Re7 52. Ra8 Re8 53. Ra6
Re6 54. Kg3 Nc4 55. Ra8 Ne5 56. Rh8 Kg6 57. Rg8+ Kh6 58. f4 gxf4+ 59. Kxf4 Ng6+
60. Kf5 Rc6 61. Re8 Rc5+ 62. Kxf6 Rc3 63. h4 Rf3+ 64. Ke6 Re3+ 65. Kf7 Rxe8 66.
Kxe8 Nxh4 67. Nf6 Kg5 68. Nxh7+ Kxg4 1/2-1/2

[Event "Women's Speed Chess Q3"]
[Site "chess.com INT"]
[Date "2021.05.30"]
[Round "6"]
[White "Kanyamarala, Trisha"]
[Black "Vo, Thi Kim Phung"]
[Result "0-1"]
[WhiteTitle "WIM"]
[BlackTitle "WGM"]
[WhiteElo "2180"]
[BlackElo "2335"]
[WhiteFideId "45004722"]
[BlackFideId "12401838"]
[EventDate "2021.05.30"]

1. d4 Nf6 2. c4 e6 3. Nc3 Bb4 4. e3 O-O 5. Nf3 Re8 6. Bd3 b6 7. O-O Bb7 8. Qe2
Bxc3 9. bxc3 Ne4 10. Bb2 d6 11. Nd2 Nxd2 12. Qxd2 Nd7 13. f3 a5 14. Rab1 h6 15.
Ba3 e5 16. c5 dxc5 17. dxc5 e4 18. Bxe4 Bxe4 19. fxe4 bxc5 20. Rbd1 Ne5 21. Qd5
Qg5 22. Bc1 Rad8 23. Qb7 Rxd1 24. Rxd1 Qg4 25. Qb3 Qe2 26. Rf1 c4 27. Qd1 Qd3
28. Bb2 Rd8 29. Qh5 Ng6 30. Qf3 Ne5 31. Qf2 f6 32. h3 Qd2 33. Qxd2 Rxd2 34. Ba3
Rxa2 35. Bc5 a4 36. Rb1 Rc2 37. Rb8+ Kh7 38. Bd4 Nd3 39. Ra8 Kg6 40. Rxa4 Rc1+
41. Kh2 h5 42. Kg3 Kg5 43. Ra5+ Kg6 44. Ra7 c5 45. Bxc5 Nxc5 46. Rc7 Nxe4+ 47.
Kf4 Nxc3 48. Rxc4 Ne2+ 49. Kf3 Rxc4 50. Kxe2 Ra4 51. Kf3 f5 52. g3 Kf6 53. h4 g5
54. hxg5+ Kxg5 55. Kf2 Re4 56. Kg2 h4 57. gxh4+ Kxh4 58. Kf3 Kg5 59. Kf2 Kf6 60.
Kf3 Ke5 61. Ke2 Kd5 62. Kf2 Kc4 63. Kf3 Kc3 64. Kf2 Kd3 65. Kf3 Rxe3+ 66. Kf2
Re4 67. Kf1 Kd4 68. Kg1 Ke5 69. Kh1 Re2 70. Kg1 Ra2 71. Kh1 Ke4 72. Kg1 Kf3 73.
Kh1 Kg3 74. Kg1 Ra1# 0-1

[Event "Women's Speed Chess Q3"]
[Site "chess.com INT"]
[Date "2021.05.30"]
[Round "6"]
[White "Agrest, Inna"]
[Black "Szente Varga, Fruzsina"]
[Result "0-1"]
[WhiteTitle "WIM"]
[BlackTitle "WFM"]
[WhiteElo "2285"]
[BlackElo "2100"]
[WhiteFideId "1708830"]
[BlackFideId "712264"]
[EventDate "2021.05.30"]

1. e4 Nf6 2. e5 Nd5 3. d4 d6 4. c4 Nb6 5. exd6 cxd6 6. Nc3 g6 7. Be3 Bg7 8. Rc1
O-O 9. b3 Nc6 10. h3 f5 11. f4 Qe8 12. Be2 e6 13. Nf3 e5 14. dxe5 dxe5 15. O-O
e4 16. Nd4 Qe7 17. Ndb5 Rd8 18. Qe1 Nd7 19. Nd5 Qf7 20. Rd1 Nf6 21. Nbc7 Rb8 22.
Nxf6+ Qxf6 23. Nd5 Qf7 24. a4 Be6 25. Kh1 Kh8 26. a5 Bxd5 27. cxd5 Rxd5 28. Bc4
Rxd1 29. Qxd1 Qe7 30. a6 b5 31. Bd5 Nb4 32. Qd2 Nxa6 33. Rd1 Rd8 34. Qe2 Nc5 35.
Qxb5 Nd3 36. Bc4 Nf2+ 37. Bxf2 Rxd1+ 38. Kh2 Rd8 39. Qa6 e3 40. Be1 Qc7 41. Qe6
Qxf4+ 42. Bg3 Qd4 43. Qf7 f4 44. Bxf4 Rf8 45. Bxe3 Qe5+ 46. Bf4 Qxf4+ 47. Qxf4
Rxf4 48. Kg3 Rd4 49. Kf3 a5 50. Ke3 a4 51. Be6 axb3 52. Bxb3 h5 53. Bf7 g5 54.
Bxh5 Bf6 55. Bg6 Rf4 56. Be4 Kg7 57. g3 Rf1 58. h4 gxh4 59. gxh4 Bxh4 60. Bd5
Kf6 61. Be4 Ke5 62. Bh7 Ra1 63. Kf3 Bg5 64. Kg4 Bf4 0-1

[Event "Women's Speed Chess Q3"]
[Site "chess.com INT"]
[Date "2021.05.30"]
[Round "6"]
[White "Dauletova, Gulmira"]
[Black "Starosta, Martyna"]
[Result "1-0"]
[WhiteTitle "WGM"]
[BlackTitle "WCM"]
[WhiteElo "2285"]
[BlackElo "1910"]
[WhiteFideId "13702971"]
[BlackFideId "21818754"]
[EventDate "2021.05.30"]

1. e4 e5 2. Nf3 Nc6 3. Bb5 a6 4. Ba4 Nf6 5. O-O Be7 6. Re1 b5 7. Bb3 O-O 8. a4
Bb7 9. d3 d6 10. Nc3 Na5 11. Ba2 b4 12. Ne2 c5 13. Ng3 Bc8 14. c3 Nc6 15. h3 a5
16. d4 bxc3 17. bxc3 exd4 18. cxd4 Nd7 19. Bb2 Bf6 20. e5 dxe5 21. dxe5 Be7 22.
e6 fxe6 23. Bxe6+ Kh8 24. Nh5 Nf6 25. Nxf6 Bxf6 26. Qc2 Bxe6 27. Rxe6 Nd4 28.
Nxd4 cxd4 29. Rd1 Qd5 30. Ree1 Rad8 31. Rd3 Rc8 32. Qd2 Rfd8 33. Rd1 Qc4 34.
Bxd4 Bxd4 35. Rxd4 Rxd4 36. Qxd4 Qxd4 37. Rxd4 Kg8 38. Rd5 Ra8 39. Kf1 Kf7 40.
Ke2 Ke6 41. Rb5 Kd6 42. Kd3 Kc6 43. Kc4 g6 44. f4 h5 45. g3 h4 46. gxh4 Rh8 47.
Rg5 Rxh4 48. Rxg6+ Kb7 49. Rf6 Rxh3 50. Kb5 Rh5+ 51. f5 Kc7 52. Kxa5 Kb7 53. Kb5
Kc7 54. Rf7+ Kb8 55. a5 Ka8 56. Kb6 Rh6+ 57. f6 Rh8 58. a6 Kb8 59. a7+ Ka8 60.
Re7 Rc8 61. Re6 Rf8 62. Kc6 Kxa7 63. Re7+ Kb8 64. f7 Kc8 65. Re8+ Rxe8 66.
fxe8=Q# 1-0

[Event "Women's Speed Chess Q3"]
[Site "chess.com INT"]
[Date "2021.05.30"]
[Round "6"]
[White "Samaganova, Alexandra"]
[Black "Nandhidhaa, P V"]
[Result "1-0"]
[WhiteTitle "WFM"]
[BlackTitle "WGM"]
[WhiteElo "1993"]
[BlackElo "2365"]
[WhiteFideId "13800221"]
[BlackFideId "5050847"]
[EventDate "2021.05.30"]

1. c4 e5 2. Nc3 Nc6 3. g3 f5 4. Bg2 Nf6 5. e3 Bb4 6. Nge2 e4 7. O-O Ne5 8. b3
Nf3+ 9. Bxf3 exf3 10. Nd4 O-O 11. Qxf3 Bxc3 12. dxc3 d6 13. Qg2 c5 14. Ne2 Bd7
15. Rd1 Bc6 16. f3 Re8 17. Nf4 Qe7 18. Nd5 Qf7 19. Qd2 Rad8 20. b4 b6 21. a4 a5
22. bxa5 bxa5 23. Rb1 Re5 24. Rb6 Nxd5 25. cxd5 Bxd5 26. Kf2 Qc7 27. Rb5 Bc6 28.
Qa2+ Kh8 29. Rb2 Rde8 30. Re2 R5e7 31. Qc4 Qd7 32. Qf4 Bxa4 33. Rxd6 Qc7 34. Rd5
Bb5 35. Qxc7 Rxc7 36. Rb2 Bc4 37. Rxf5 a4 38. Rb1 h6 39. Ba3 Rd8 40. Rb2 Rd5 41.
Rxd5 Bxd5 42. e4 Bb3 43. Ke3 c4 44. Rd2 Kg8 45. Rd5 Kf7 46. Kd4 Ke6 47. f4 Rd7
48. Rxd7 Kxd7 49. Kd5 g6 50. e5 h5 51. h3 Bc2 52. g4 hxg4 53. hxg4 Bd1 54. f5
Bxg4 55. e6+ Ke8 56. f6 Bxe6+ 57. Kxe6 g5 58. f7+ Kd8 59. f8=Q+ Kc7 60. Qd6+ Kb7
61. Qb4+ Ka6 62. Qxa4+ Kb6 63. Qxc4 Ka5 64. Qg4 Ka6 65. Qxg5 Ka7 66. Qb5 Ka8 67.
Kd7 Ka7 68. Kc7 Ka8 69. Qb7# 1-0

[Event "Women's Speed Chess Q3"]
[Site "chess.com INT"]
[Date "2021.05.30"]
[Round "6"]
[White "Ramirez, Maria Eugenia"]
[Black "Tarasova, Viktoriya"]
[Result "0-1"]
[WhiteTitle "WFM"]
[BlackTitle "WIM"]
[WhiteElo "2057"]
[BlackElo "2226"]
[WhiteFideId "3301680"]
[BlackFideId "4175840"]
[EventDate "2021.05.30"]

1. e4 c5 2. c3 d6 3. d4 Qc7 4. Nf3 Nf6 5. e5 dxe5 6. dxe5 Nfd7 7. Bf4 e6 8. Bb5
a6 9. Bd3 c4 10. Bc2 b5 11. O-O Bb7 12. Re1 Be7 13. Qe2 O-O 14. Nbd2 h6 15. Ne4
Nc6 16. Rad1 Rad8 17. Nd6 Bxd6 18. exd6 Qc8 19. Qe4 Nf6 20. Qe2 Rd7 21. Ne5 Nxe5
22. Bxe5 Nh7 23. f3 Rfd8 24. Bg3 Nf8 25. Qe5 f6 26. Qh5 e5 27. Bf5 Qc5+ 28. Bf2
Qc6 29. Bxd7 Rxd7 30. Qf5 Rxd6 31. Rxd6 Qxd6 32. h3 Qd2 33. Qb1 Ne6 34. Qc1 Qd6
35. Qd1 Qe7 36. Qd2 Kf7 37. Be3 Kg8 38. Rd1 Bc6 39. Qd6 Qe8 40. Bc5 Kh7 41. Qe7
Nxc5 42. Qxc5 e4 43. Qd6 exf3 44. gxf3 Qe3+ 45. Kf1 Qxf3+ 46. Ke1 Qe3+ 47. Kf1
Be4 48. Qd2 Bd3+ 49. Kg2 Qe4+ 50. Kg3 Qe5+ 51. Kg2 Be4+ 52. Kf2 Qf5+ 53. Ke3
Qf3+ 54. Kd4 Bd3 55. Kc5 Qf5+ 56. Kb4 Qe6 57. Ka5 Qc6 58. Kb4 Qb6 59. a4 a5+ 60.
Ka3 bxa4 61. Kxa4 Qb3+ 62. Kxa5 Qb7 63. Ka4 Qa6+ 64. Kb4 Qb6+ 65. Ka4 Be4 66. b4
cxb3 67. Ka3 Qa5+ 68. Kb2 Qa2+ 69. Kc1 Qb1# 0-1

[Event "Women's Speed Chess Q3"]
[Site "chess.com INT"]
[Date "2021.05.30"]
[Round "6"]
[White "Daulyte-Cornette, Deimante"]
[Black "Osmak, Iulija"]
[Result "0-1"]
[WhiteTitle "IM"]
[BlackTitle "IM"]
[WhiteElo "2387"]
[BlackElo "2425"]
[WhiteFideId "12802859"]
[BlackFideId "14101602"]
[EventDate "2021.05.30"]

1. e4 Nc6 2. Nf3 d6 3. d4 Bg4 4. Be2 Nf6 5. Nc3 e5 6. d5 Ne7 7. h3 Bd7 8. O-O
Ng6 9. Nh2 Be7 10. Ng4 O-O 11. Nxf6+ Bxf6 12. Be3 Bg5 13. Qd2 Bxe3 14. fxe3 Qg5
15. Bf3 Bxh3 16. Qf2 Nh4 17. Kh2 Bd7 18. Qg3 Qh6 19. Kg1 Qxe3+ 20. Qf2 Qxf2+ 21.
Rxf2 f5 22. Raf1 fxe4 23. Bxe4 Rxf2 24. Rxf2 g6 25. g3 Nf5 26. Kg2 Rf8 27. Re2
Nd4 28. Rd2 Bf5 29. a3 Bxe4+ 30. Nxe4 h6 31. Rd3 Rf7 32. c3 Nf5 33. c4 b6 34. b4
Nd4 35. c5 bxc5 36. bxc5 dxc5 37. Nxc5 Rd7 38. Ne4 Re7 39. Rc3 Kg7 40. Rc5 h5
41. Ra5 Rf7 42. Rxa7 Nf5 43. a4 Ne3+ 44. Kh3 Nxd5 45. a5 c6 46. Rxf7+ Kxf7 47.
a6 Nb6 48. Nc5 Ke7 49. Na4 Na8 50. Kh4 Kf6 51. Nc5 Kf5 52. Kh3 g5 53. Kg2 e4 54.
Kf2 h4 55. gxh4 gxh4 56. Ke3 h3 57. Kf2 Kf4 58. Ne6+ Ke5 59. Ng5 h2 60. Kg2 Kf4
61. Nh3+ Ke5 62. Kxh2 Kd4 63. Kg2 Kd3 64. Kf1 Kd2 65. Nf4 e3 66. Kg2 c5 67. Ne2
Kxe2 68. Kg3 Kd2 69. Kf4 e2 70. Ke4 e1=Q+ 71. Kd5 Qe8 72. Kc4 Qc8 73. Kb3 Qxa6
74. Kb2 Qa7 75. Kb3 Qb6+ 76. Kc4 Qb4+ 77. Kd5 Qd4+ 78. Kc6 c4 79. Kb5 c3 80. Ka6
c2 81. Kb7 c1=Q 82. Kb8 Qcb2+ 83. Kc8 Qbc3+ 0-1

[Event "Women's Speed Chess Q3"]
[Site "chess.com INT"]
[Date "2021.05.30"]
[Round "6"]
[White "Antonova, Nadezhda"]
[Black "Alboredo, Julia"]
[Result "1/2-1/2"]
[WhiteTitle "WFM"]
[BlackTitle "WFM"]
[WhiteElo "1877"]
[BlackElo "2182"]
[WhiteFideId "14700182"]
[BlackFideId "2124807"]
[EventDate "2021.05.30"]

1. b3 Nf6 2. Bb2 g6 3. Bxf6 exf6 4. c4 Bg7 5. Nc3 O-O 6. g3 f5 7. Rc1 Nc6 8. Bg2
d6 9. e3 Be6 10. Nge2 Ne5 11. d4 Ng4 12. h3 Nf6 13. Bxb7 Rb8 14. Bg2 d5 15. cxd5
Nxd5 16. Nxd5 Bxd5 17. Bxd5 Qxd5 18. O-O Rb7 19. Nf4 Qd7 20. Qe2 g5 21. Nd3 Qc8
22. Nc5 Rb6 23. Kg2 Rh6 24. Rh1 Rg6 25. h4 gxh4 26. Rxh4 h6 27. Rch1 Re8 28. Qf3
c6 29. Rh5 f4 30. Qxf4 Rg4 31. Qf5 Rg6 32. Qxc8 Rxc8 33. Ne4 a5 34. Nc3 c5 35.
Na4 cxd4 36. exd4 Rc2 37. Rxa5 Bxd4 38. Rf1 Rxa2 39. Rd5 Ba7 40. Nc5 Rf6 41. b4
Rc2 42. Rd8+ Kg7 43. Rd7 Bxc5 44. bxc5 Rxc5 45. Rd3 Rc2 46. Rf3 Rg6 47. Re3 h5
48. Re4 f5 49. Rf4 Kf6 50. Kh3 Rg4 51. Kg2 Rxf4 52. gxf4 Rc4 53. Kg3 Rc3+ 54. f3
Rc6 55. Rf2 Kg6 56. Kh4 Rc4 57. Rg2+ Kh6 58. Rf2 Rxf4+ 59. Kg3 Rb4 60. f4 Rb3+
61. Kh4 Kg6 62. Rg2+ Kh6 63. Rg5 Rb1 64. Rxh5+ Kg6 65. Rg5+ Kf6 66. Kg3 Rh1 67.
Kf3 Rf1+ 68. Ke3 Ra1 69. Kf3 Ra3+ 70. Kf2 Ra4 71. Kf3 Ra3+ 72. Kf2 Ke6 73. Rh5
Ra2+ 74. Kf3 Ra3+ 75. Kf2 Kd5 76. Rxf5+ Ke4 77. Rf8 Ra2+ 78. Kg3 Ra1 79. Kg4
Rg1+ 80. Kh5 Kd5 81. f5 Ke5 82. f6 Ke6 83. Kh6 Rh1+ 84. Kg7 Rg1+ 85. Kh6 Rf1 86.
Kg7 Rg1+ 87. Kh6 1/2-1/2

[Event "Women's Speed Chess Q3"]
[Site "chess.com INT"]
[Date "2021.05.30"]
[Round "7"]
[White "Golubeva, Oksana"]
[Black "Zuriel, Marisa"]
[Result "1-0"]
[WhiteTitle "WFM"]
[BlackTitle "WIM"]
[WhiteElo "2179"]
[BlackElo "2203"]
[WhiteFideId "4170164"]
[BlackFideId "109142"]
[EventDate "2021.05.30"]

1. Nf3 c5 2. e3 Nc6 3. c4 g6 4. Nc3 Bg7 5. g3 Nf6 6. Bg2 O-O 7. O-O d5 8. cxd5
Nxd5 9. Nxd5 Qxd5 10. Nd4 Qd6 11. Nxc6 bxc6 12. Qa4 Bd7 13. Rb1 Bf5 14. e4 Bd7
15. b3 Bd4 16. Ba3 e5 17. Rbc1 f5 18. Qc4+ Kg7 19. Bxc5 f4 20. Bxd6 1-0

[Event "Women's Speed Chess Q3"]
[Site "chess.com INT"]
[Date "2021.05.30"]
[Round "7"]
[White "Nguyen, Thi Mai Hung"]
[Black "Novikova, Anna"]
[Result "1-0"]
[WhiteTitle "WGM"]
[BlackTitle "WIM"]
[WhiteElo "2254"]
[BlackElo "2247"]
[WhiteFideId "12401676"]
[BlackFideId "4146794"]
[EventDate "2021.05.30"]

1. d4 d5 2. Nf3 e6 3. g3 Nf6 4. Bg2 Be7 5. O-O O-O 6. c4 dxc4 7. Qc2 a6 8. a4
Bd7 9. Ne5 Nc6 10. Qxc4 Na5 11. Qc2 Nd5 12. Bd2 Nc6 13. e3 Nxe5 14. dxe5 c5 15.
Nc3 Bc6 16. Rfd1 Rc8 17. Nxd5 Bxd5 18. Bc3 Qb6 19. Bxd5 exd5 20. Rxd5 Rfd8 21.
Rad1 Qe6 22. Qd3 Rxd5 23. Qxd5 Rd8 24. Qxd8+ 1-0

[Event "Women's Speed Chess Q3"]
[Site "chess.com INT"]
[Date "2021.05.30"]
[Round "7"]
[White "Linares Napoles, Oleiny"]
[Black "Marjanovic, Annamaria"]
[Result "1-0"]
[WhiteTitle "WGM"]
[BlackTitle "WGM"]
[WhiteElo "2255"]
[BlackElo "2338"]
[WhiteFideId "3504794"]
[BlackFideId "750930"]
[EventDate "2021.05.30"]

1. d4 Nf6 2. Bf4 g6 3. e3 Bg7 4. Nf3 O-O 5. c4 d6 6. Nc3 Nbd7 7. h3 c5 8. Be2 b6
9. O-O Bb7 10. d5 a6 11. a4 Qc7 12. Qc2 e5 13. dxe6 fxe6 14. Rfd1 e5 15. Bg5
Rad8 16. Nd2 h6 17. Bxf6 Nxf6 18. Bf3 Bxf3 19. Nxf3 Kh7 20. Nd2 d5 21. cxd5 Nxd5
22. Nxd5 Rxd5 23. Ne4 Rfd8 24. Rxd5 Rxd5 25. Qc4 Qd7 26. Qxa6 Qc6 27. Qc4 Rd8
28. b3 Rd7 29. Rc1 Qb7 30. Kh2 Rf7 31. Nd6 1-0

[Event "Women's Speed Chess Q3"]
[Site "chess.com INT"]
[Date "2021.05.30"]
[Round "7"]
[White "Buksa, Nataliya"]
[Black "Daulyte-Cornette, Deimante"]
[Result "1-0"]
[WhiteTitle "IM"]
[BlackTitle "IM"]
[WhiteElo "2414"]
[BlackElo "2387"]
[WhiteFideId "14123622"]
[BlackFideId "12802859"]
[EventDate "2021.05.30"]

1. d4 d6 2. Nc3 Nf6 3. e4 e5 4. Nf3 Bd7 5. Bc4 exd4 6. Nxd4 Be7 7. O-O O-O 8.
Re1 Nc6 9. Nf5 Ne5 10. Nxe7+ Qxe7 11. Bf1 Bc6 12. h3 Rae8 13. Bg5 h6 14. Bh4 Ng6
15. Bg3 Nxe4 16. Nxe4 Bxe4 17. f3 Qg5 18. Bxd6 Bxc2 19. Qxc2 cxd6 20. Kh1 Nf4
21. Qd2 Nxh3 22. Qxg5 Nxg5 23. Red1 Rd8 24. Rac1 Rd7 25. Bb5 Re7 26. Rxd6 Ne6
27. Re1 a6 28. Bc4 Rd8 29. Rxd8+ Nxd8 30. Rxe7 1-0

[Event "Women's Speed Chess Q3"]
[Site "chess.com INT"]
[Date "2021.05.30"]
[Round "7"]
[White "Alboredo, Julia"]
[Black "Dwilewicz, Katarzyna"]
[Result "1-0"]
[WhiteTitle "WFM"]
[BlackTitle "WFM"]
[WhiteElo "2182"]
[BlackElo "2092"]
[WhiteFideId "2124807"]
[BlackFideId "1148486"]
[EventDate "2021.05.30"]

1. e4 c5 2. Nf3 e6 3. b3 b6 4. Bb2 Bb7 5. Bd3 d6 6. O-O Nf6 7. Re1 Be7 8. c3
Nbd7 9. Bc2 O-O 10. d4 Rc8 11. Nbd2 Qc7 12. Rc1 Rfd8 13. Qe2 Nf8 14. Bb1 Ng6 15.
g3 Qd7 16. h4 Bc6 17. h5 Nxh5 18. e5 dxe5 19. dxe5 Nf8 20. Ne4 g6 21. Nfg5 Bxg5
22. Nxg5 Qd5 23. Be4 Qd7 24. Qf3 Bxe4 25. Nxe4 Qd3 26. Re3 Qd7 27. g4 f5 28.
exf6 Kf7 29. Ng5+ Kg8 30. f7+ Kh8 31. gxh5 e5 32. Qf6# 1-0

[Event "Women's Speed Chess Q3"]
[Site "chess.com INT"]
[Date "2021.05.30"]
[Round "7"]
[White "Zakirova, Aisha"]
[Black "Kanyamarala, Trisha"]
[Result "1-0"]
[WhiteTitle "WCM"]
[BlackTitle "WIM"]
[WhiteElo "1585"]
[BlackElo "2180"]
[WhiteFideId "13719734"]
[BlackFideId "45004722"]
[EventDate "2021.05.30"]

1. d4 Nf6 2. c4 e6 3. Nf3 d5 4. Nc3 Bb4 5. cxd5 exd5 6. Bg5 h6 7. Bh4 c5 8. e3
Nc6 9. Bd3 cxd4 10. exd4 O-O 11. O-O Be6 12. a3 Be7 13. b4 Rc8 14. Rc1 Qb6 15.
Qd2 Rfd8 16. Rfe1 a5 17. b5 Nb8 18. a4 Bb4 19. Bxf6 gxf6 20. Qxh6 f5 21. Ng5
Bxc3 22. Rxe6 Qxd4 23. Qh7+ Kf8 24. Qxf7# 1-0

[Event "Women's Speed Chess Q3"]
[Site "chess.com INT"]
[Date "2021.05.30"]
[Round "7"]
[White "Kazarian, Anna-Maja"]
[Black "Zaksaite, Salomeja"]
[Result "1-0"]
[WhiteTitle "FM"]
[BlackTitle "WIM"]
[WhiteElo "2096"]
[BlackElo "2202"]
[WhiteFideId "1033689"]
[BlackFideId "12801496"]
[EventDate "2021.05.30"]

1. e4 g6 2. d4 Bg7 3. Nc3 b6 4. Nf3 Bb7 5. Bd3 e6 6. Be3 h6 7. Qd2 Ne7 8. O-O-O
d6 9. h4 Nd7 10. g4 c6 11. h5 g5 12. Nh2 Qc7 13. f4 f6 14. f5 e5 15. Nf3 O-O-O
16. Qe2 Nb8 17. d5 Rd7 18. dxc6 Nbxc6 19. Nb5 Qb8 20. Bc4 a6 21. Nc3 Nd8 22.
Bxb6 Re8 23. Bxa6 Nec6 24. Nd5 1-0

[Event "Women's Speed Chess Q3"]
[Site "chess.com INT"]
[Date "2021.05.30"]
[Round "7"]
[White "Zhuravleva, Olga"]
[Black "Antonova, Nadezhda"]
[Result "1-0"]
[WhiteTitle "WIM"]
[BlackTitle "WFM"]
[WhiteElo "2278"]
[BlackElo "1877"]
[WhiteFideId "4145933"]
[BlackFideId "14700182"]
[EventDate "2021.05.30"]

1. e4 d6 2. d4 Nf6 3. Bd3 e5 4. c3 Be7 5. Nf3 Nbd7 6. O-O O-O 7. Re1 c6 8. Nbd2
b5 9. h3 Bb7 10. Nf1 a6 11. Ng3 g6 12. Bc2 Qc7 13. a4 Rfe8 14. Bb3 Rf8 15. Bh6
bxa4 16. Rxa4 exd4 17. Bxf8 Bxf8 18. cxd4 c5 19. Ng5 d5 20. exd5 h6 21. Nxf7
Bxd5 22. Bxd5 Nxd5 23. Ne5 cxd4 24. Rxd4 N5f6 25. Nxd7 Nxd7 26. Rxd7 Qc5 27.
Qb3+ Kh8 28. Qf7 1-0

[Event "Women's Speed Chess Q3"]
[Site "chess.com INT"]
[Date "2021.05.30"]
[Round "7"]
[White "Ribeiro, Regina"]
[Black "Von Herman, Brigitte"]
[Result "0-1"]
[WhiteTitle "WIM"]
[BlackTitle "WFM"]
[WhiteElo "1920"]
[BlackElo "1991"]
[WhiteFideId "2100681"]
[BlackFideId "4628730"]
[EventDate "2021.05.30"]

1. Nf3 Nf6 2. b3 d6 3. Bb2 e5 4. d3 Nc6 5. g3 Be7 6. Bg2 O-O 7. O-O Be6 8. c4
Re8 9. Nbd2 Bf8 10. a3 Nd4 11. Nxd4 exd4 12. Bxd4 c6 13. e4 Bg4 14. Qc2 d5 15.
h3 Bh5 16. e5 Nd7 17. f4 dxc4 18. dxc4 c5 19. Bb2 Bg6 20. Be4 Bxe4 21. Nxe4 Qc7
22. Rad1 Rad8 23. Nd6 Bxd6 24. Rxd6 Nf8 25. Rfd1 Rxd6 26. Rxd6 Ne6 27. Qe4 b6
28. f5 Nf8 29. Qd5 h6 30. e6 Qe7 31. exf7+ Qxf7 32. Qxf7+ Kxf7 33. Kf2 Re4 0-1

[Event "Women's Speed Chess Q3"]
[Site "chess.com INT"]
[Date "2021.05.30"]
[Round "7"]
[White "Voit, Daria"]
[Black "Zawadzka, Jolanta"]
[Result "1-0"]
[WhiteTitle "WGM"]
[BlackTitle "WGM"]
[WhiteElo "2360"]
[BlackElo "2399"]
[WhiteFideId "4182146"]
[BlackFideId "1122320"]
[EventDate "2021.05.30"]

1. Nf3 d5 2. c4 dxc4 3. e3 Nf6 4. Bxc4 Bg4 5. O-O e6 6. h3 Bh5 7. Qb3 Bxf3 8.
gxf3 b6 9. Nc3 Bd6 10. d4 O-O 11. f4 Nc6 12. Be2 Ne7 13. Bf3 Nfd5 14. Ne2 Rc8
15. e4 Nxf4 16. Nxf4 Bxf4 17. Bxf4 Qxd4 18. Qc3 Qa4 19. Rfd1 Ng6 20. Bg3 c5 21.
Rd6 h6 22. a3 Qb5 23. Rad1 Kh7 24. h4 f6 25. h5 Ne7 26. Rxe6 Nc6 27. Qd3 Rfd8
28. Qxb5 Rxd1+ 29. Bxd1 Nd4 30. Qd7 Nxe6 31. Qxc8 Ng5 32. e5 fxe5 33. Bc2+ e4
34. Bxe4+ Nxe4 35. Qf5+ 1-0